Fr. Conceicao Rodrigues College of Engineering

Software Engineering 3rd ed (Record no. 26017)

MARC details
000 -LEADER
fixed length control field 00291nam a2200133Ia 4500
082 ## - DEWEY DECIMAL CLASSIFICATION NUMBER
Classification number 5.1
Item number PRE
100 ## - MAIN ENTRY--PERSONAL NAME
Personal name Pressman Roger.S
245 ## - TITLE STATEMENT
Title Software Engineering 3rd ed
260 ## - PUBLICATION, DISTRIBUTION, ETC.
Name of publisher, distributor, etc. Mc Graw Hill
Place of publication, distribution, etc. New York
Date of publication, distribution, etc. 1992
300 ## - PHYSICAL DESCRIPTION
Extent 793
546 ## - LANGUAGE NOTE
Language note ENGLISH
654 ## - SUBJECT ADDED ENTRY--FACETED TOPICAL TERMS
Focus term software
942 ## - ADDED ENTRY ELEMENTS (KOHA)
Koha item type BOOK
Holdings
Withdrawn status Lost status Damaged status Not for loan Collection Home library Current library Date acquired Source of acquisition Cost, normal purchase price Inventory number Total Checkouts Full call number Barcode Date last seen Cost, replacement price Price effective from Koha item type
        CRC Fr. Agnel's C.Rodrigues College of Engineering Fr. Agnel's C.Rodrigues College of Engineering 17/03/2023 global books 295.80 29   5.1 PRE 8257 17/03/2023 295.80 17/03/2023 BOOK
        CRC Fr. Agnel's C.Rodrigues College of Engineering Fr. Agnel's C.Rodrigues College of Engineering 17/03/2023 global books 295.80 29   5.1 PRE 8258 17/03/2023 295.80 17/03/2023 BOOK
        CRC Fr. Agnel's C.Rodrigues College of Engineering Fr. Agnel's C.Rodrigues College of Engineering 17/03/2023 global books 295.80 29   5.1 PRE 8259 17/03/2023 295.80 17/03/2023 BOOK